000 02076ncm0a2200385 4500
001 RU\NLR\ONIZ\214607
005 20250626034735.0
021 _aRU
_b10-367н
_910-30н
035 _aRU\NLR\ONIZ\Таня\5000002780\20160907135850
035 _a(NLR Aleph) 011273263
090 _a10829823
_c10829823
100 _a20160907d2010 |||y0rusy50 ca
101 0 _arus
102 _aRU
125 _azx
145 0 _aa
200 1 _aПеснопения постной триоди
_bНоты
_eнотный сборнмк
_fсоставитель архимандрит Матфей (Мормыль)
210 _aМосква
_c[б. и.]
_gНовости
_eМосква
_d2010
215 _a269 с.
_cил.
_d28 см
313 _aСистематизация документа проведена по изданию - Методика классифицирования музыкальных произведений (нотных изданий) по таблицам Библиотечно-библиографических классификаций : метод. рекомендации / Гос. б-ка СССР им. В.И. Ленина.- М., 1977. Индексу ББК методических рекомендаций присваивается код ББК для научных библиотек - LBC/SL
686 _aЩ99(2Р)
_vLBC/SL
_2rubbk
700 0 _9z02790
_aМатфей
_cМормыль Л. В. ; 1938-2009
_4220
701 0 _aМатфей
_cМормыль Л. В. ; 1938-2009
_4220
712 0 2 _aБлаготворительный фонд "Благо"
_4570
_7ba
712 0 2 _aСвято-Троицкий Ново-Голутвин женский монастырь
_4570
790 1 _9z02700
_aMormy'l
_bL. V.
_f1938-2009
_gLev Vasil`yevich
_4220
801 0 _aRU
_bNLR
_c20160907
_gPSBO
801 1 _aRU
_bNLR
_c20160907
_2rusmarc
801 2 _aRU
_bNLR
_c20200116
852 _aNLR
_bМ
_j3/11338
_pМОЭ 2010-30н/367н
_t1
852 _aNLR
_bМ
_j3/11338а
_pМОЭ 2010-30н/367на
_t2
942 _cSCORE
980 _aNB
980 _aONIZ